00973nam a2200205 a 450000100100000000500170001000800410002704000250006810000310009324500680012426000410019230000280023350000630026150400500032459000450037495201190041995201040053895201100064299900150075200000450320200929151441.0090723s2008 dr 001 0 spa d aDO-SdBNPbspacBNPHU1 aUbrí Sosa, Alipio91317213aEl porqué hablamos y escribimos así. /cAlipio Ubrí Sosa. aSanto Domingo :bImprecelsa.,c2008. a129 p. :bil. ;c21 cm. aIncluye datos biográficos del autor en la contracubierta aIncluye referencias bibliográficas (p. 127) aLibro autográfiado en la portada 1 ej. 001054708DSaGRbGRcCTd2011-03-23iLF1l0o p4503-30r2020-06-25te. 3w2020-06-25yLFDSZPréstamo en sala 0010718PDaPDbPDcCTd2009-07-23iLF1l0o p4503-10r2020-06-25w2020-06-25yLFPDZNo se presta 0010718PDaPDbPDcCTd2011-03-23iLF1l0o p4503-20r2020-06-25te. 2w2020-06-25yLFPDZNo se presta c4312d4312